00805nam a2200241Ia 4500001000600000003000900006008004100015040001300056040001300069041001300082100001700095100002900112245002600141245007900167250001100246260001200257260002000269260004900289300005700338500011600395650002100511650003100532C9578IT-RoPAU130308s9999 xx 000 0 und d aIT-RoPAU cIT-RoPAU aITALIANO aCovi Antonio gCodice Aut. SPICS: 7723 aCritica del film (La) bDal Cinema Alla Videorealta': spettacoli e spettatori Dentro e fuori la Tv a1a ed. aVENEZIA bCinit/Cineforum c1991 [1° Ed.:1991 - Ed.Ling.Originale:1991] a"11 p. (prefazione: no ; testo: 11 [pagine: 35-45])" aVari Tipi di Analisi. importanza della Struttura. Analisi della Tematica. Ricerca del Tema. Linguaggio Filmico. aSAGGI SUL CINEMA eCodice materia Spics: 6811